| 000 | 00788nam a2200205 i 4500 | ||
|---|---|---|---|
| 001 | 189122 | ||
| 003 | ES-MaACL | ||
| 005 | 20230906223402.0 | ||
| 008 | 190403s1935 gw a r |||| | ger d | ||
| 245 | 0 | 0 |
_aBeuthverlag G.M.B.H. _b: verzeichnis. |
| 260 |
_aBerlin : _bBeuth, _c[ca. 1935] |
||
| 300 |
_a1 v. (pag. variada) : _bil. ; _c22 cm. |
||
| 594 | _aLista de directivas y estándares de varias asociaciones técnicas distribuidas por la ed. Beuth. | ||
| 594 | _aDatos tomados de cub. | ||
| 596 | _aEn "einteilung": Deutscher Normenausschuss (DNA) | ||
| 597 | _aP. en diversos colores. | ||
| 650 | 4 |
_aMáquinas- _vNormas. _9160351 |
|
| 710 | 2 |
_aDeutscher Normenausschuss. _9160346 |
|
| 852 |
_aES-MaACL _jL-32286 _z. - Donat. herederos de la bibl. de Mª del Pilar Costa Palacín |
||
| 999 |
_c189122 _d189122 |
||